000 01568cam a22004814i 4500
003 PE-LiUPU
005 20250731184532.0
008 150623s r 000 0 d
020 _a9654400073
035 _a(Sirsi) i9789654400077
040 _aPE-LiUPU
_bspa
_cPE-LiUPU
_erda
049 _aPRUA
082 0 4 _a933.21
_bH45
_221
245 0 0 _aHighlands of many cultures, the southern Samaria survey :
_bthe sites /
_n2
264 1 _aTel Aviv, Israel :
_bTel Aviv University,
_c1997.
300 _a959 páginas :
_bilustraciones, fotos, gráficos ;
_c27 cm.
336 _atext
_2rdacontent
337 _aunmediated
_2rdamedia
338 _avolume
_2rdacarrier
490 0 _aMonograph Series of The Institute Of Archaeology ;
_v14
504 _aIncluye bibliografía.
505 0 _aDescription of sites. -Prehistoric Occurrences in western Samaria: the 1967 - 1968 survey.
526 _aP136
526 _aP135
526 _aP134
526 _aP133
526 _aP144
526 _aP143
526 _aP87
526 _aP35
526 _aP20
526 _aP14
526 _aP10
526 _aP06
650 0 4 _aExcavaciones arqueológicas
_zSamaria.
700 _aFinkelstein, Israel,
_eeditor.
_96240
700 _aLederman, Zvi,
_eeditor.
_96241
700 _aBunimovitz, Shlomo,
_eeditor.
_96242
942 _2ddc
_cBOOK
949 _a933.21 H45 2
_wDEWEY
_c1
_i49652
_lCCODEBUL1
_mBUL
_r0
_sY
_tBOOK
_u2015-6-24
_xTEOLOGIA
_0COMPRA
_o.STAFF. Colección General
980 _81
_gALBERTO SANCHEZ Responsable de Automatización
999 _c23178
_d23178